000
00305nam a22001337a 4500
008
171004b xxu||||| |||| 00| 0 eng d
020
_a
0691028532
041
_a
eng
080
_a
159.9
100
_a
48
101
_a
PSI
245
_a
FIREWALKING AND RELIGIOUS HEALING
_c
DANFORTH,L.M
942
_2
udc
_c
BK
999
_c
31719
_d
31719